000 00437cam a22001457a 4500
008 180718b1980 xxu||||| |||| 00| 0 eng d
082 _aA6x5406 W659/4
100 _aWilks, Mark
245 _aHistorical sketches of the South Indian history.
_cby Mark Wilks and Murray Hammick
260 _aNew Delhi
_bCosmo
_c1980
300 _av4
500 _av4. xxiii, 336-817p
650 _aKarnataka (India) -History.
700 _aHammick, Murray
999 _c412204
_d412204